000 00412nam a2200145 i 4500
001 100690
003 ES-MaACL
007 t|
008 051004s1910 fr ||||1| fre d
100 1 _aMatagrin, Amédée.
_978902
245 1 3 _aLa psychologie sociale de Gabriel Tarde /
_cpar Amédée Matagrin.
260 _aParis :
_bFélix Alcan,
_c1910.
300 _a3 h., 352 p. ;
_c23 cm.
852 _aES-MaACL
_jB-6869
999 _c100690
_d100690